| 000 -LEADER |
| fixed length control field |
00848nam a22002057a 4500 |
| 001 - CONTROL NUMBER |
| control field |
12505 |
| 003 - CONTROL NUMBER IDENTIFIER |
| control field |
BD-DhUAP |
| 005 - DATE AND TIME OF LATEST TRANSACTION |
| control field |
20201116112346.0 |
| 008 - FIXED-LENGTH DATA ELEMENTS--GENERAL INFORMATION |
| fixed length control field |
201116s1993 bg |||| |||| 000 0 ben d |
| 040 ## - CATALOGING SOURCE |
| Original cataloging agency |
BD-DhUAP |
| Language of cataloging |
Ben |
| Transcribing agency |
BD-DhUAP |
| Modifying agency |
BD-DhUAP |
| 082 ## - DEWEY DECIMAL CLASSIFICATION NUMBER |
| Edition number |
23 |
| Classification number |
330.150922 MAR |
| 100 ## - MAIN ENTRY--PERSONAL NAME |
| Personal name |
মার্কস, কার্ল। |
| 245 ## - TITLE STATEMENT |
| Title |
দর্শনের দারিদ্র সম্পর্কিত পত্রাবলী / |
| Statement of responsibility, etc. |
কার্ল মার্কস ; আলাউদ্দীন আহমদ কর্তৃক অনূদিত। |
| 260 ## - PUBLICATION, DISTRIBUTION, ETC. |
| Place of publication, distribution, etc. |
ঢাকা : |
| Name of publisher, distributor, etc. |
মুক্তধারা, |
| Date of publication, distribution, etc. |
c১৯৯৩। |
| 300 ## - PHYSICAL DESCRIPTION |
| Extent |
৪৭ পৃষ্ঠা ; |
| Dimensions |
২২ সেমি.। |
| 600 ## - SUBJECT ADDED ENTRY--PERSONAL NAME |
| Personal name |
Marx, Karl, 1818-1883 |
| 650 ## - SUBJECT ADDED ENTRY--TOPICAL TERM |
| Topical term or geographic name entry element |
Philosophy. |
| 700 ## - ADDED ENTRY--PERSONAL NAME |
| Personal name |
আহমদ, আলাউদ্দীন। |
| 942 ## - ADDED ENTRY ELEMENTS (KOHA) |
| Source of classification or shelving scheme |
|
| Koha item type |
Book |